Statistics for C Trivia

Click here to take the quiz!

General Stats

  • This quiz has been taken 18 times
  • The average score is 5 of 15

Answer Stats

QuestionAnswer% Correct
Santiago is the capital of what country?Chile
100%
The area for what shape is determined with the formula A=Πr^2?A Circle
73%
What ancient city state, founded by the Phoenicians, eventually became a major Mediterranean empire?Carthage
60%
What is the term for a sex worker who takes appointments by phone?Call Girl
53%
What South Park character is typically depicted wearing a blue and yellow beanie?Eric Cartman
40%
What connective tissue makes up a shark’s skeleton?Cartilage
33%
Who was the first Roman emperor to be assassinated?Caligula
27%
Of what animal is Gertrude the patron saint?Cats
27%
What kind of creature was Firenze in the Harry Potter series?A Centaur
20%
What is Protestant doctrine is known for espousing Predestination?Calvinism
20%
Under what pen name was Jane Eyre originally published?Currer Bell
20%
What 2006 film stars Owen Wilson and Bonnie Hunt?Cars
13%
What is the title of Florence + the Machine’s second studio album?Ceremonials
7%
What property of water gives it its surface tension?Cohesion
7%
Klingon and Quenya are examples of what?Conlangs
7%

Score Distribution

Percentile by Number Answered

Percent of People with Each Score

Your Score History

You have not taken this quiz